00723nam a2200193 a 450000100100000000500170001000800410002702000180006804000250008610000360011124500900014726000460023730000200028350400300030370000340033370000340036795201110040199900170051200004070720201002034323.0130905s20uu sp 000 0 spa d a9788469528112 aDO-SdBNPbspacBNPHU1 aFernández Bonilla, Eva96708713aEl Embarazo /cEva Fernández Bonilla, Ana López Jiménez, Carmén Aguilar Cobo. a[España] :bLa Regeneración,c[20-?]. a54 p. ;c22 cm. aBibliografía : p. 53-541 aLópez Jiménez, Ana9670881 aAguilar Cobo, Carmén967089 001054708MOaGRbGRcCTd2013-09-12iLF1l0o p40707-10r2020-06-25w2020-06-25y4ZPréstamo en sala c40197d40197